|
|
|
|
| LEADER |
00000nam a2200000 i 4500 |
| 001 |
1/23581 |
| 008 |
011112s2000 gre d |
| 020 |
|
|
|a 960-86626-0-5
|
| 035 |
|
|
|l 10067691
|
| 040 |
|
|
|a GR-MY-UA
|b gre
|e aacr
|
| 041 |
0 |
|
|a gre
|
| 082 |
0 |
|
|a 015.9499
|
| 100 |
1 |
|
|a Σαρρής, Αναστάσιος Ν.
|d 1958-
|
| 245 |
1 |
0 |
|a Χιακή συλλογή βιβλίων Φιλίππου Π. Αργέντη /
|c Αναστάσιος Ν. Σαρρής
|
| 260 |
|
|
|a Χίος :
|b Άλφα πι,
|c 2000
|
| 300 |
|
|
|a 79σ.
|
| 600 |
1 |
0 |
|a Αργέντης, Φίλιππος Π.,
|d 1891-1974.
|
| 651 |
|
0 |
|a Chios Island (Greece)
|x Bibliography.
|
| 852 |
|
|
|a INST
|b CHIOS
|e 20011112
|h 015.9499 ΣΑΡ
|p 005200020703
|q 005200020703
|t BK
|y 0
|
| 901 |
|
|
|a BIBL2-2001-3
|
| 909 |
|
|
|a Χ
|b 098306
|
| 922 |
|
|
|a 2ΕΛΗ
|b 200111
|c ΒΙΒΛΙΟΘΗΚΗ ΧΙΟΥ
|d ΚΡΟΜΜΥΔΑΣ
|
| 950 |
|
|
|a 082-2001-10-31
|
| 970 |
|
|
|a ΣΑΛΑΜΟΥΡΑ
|b ΜΑΡΙΑ
|z 2001/11/22
|